[Event "London Classic"]
[Site "London"]
[Date "2009.12.12"]
[Round "4"]
[White "Short, Nigel D"]
[Black "Ni, Hua"]
[Result "1/2-1/2"]
[WhiteElo "2707"]
[BlackElo "2665"]
[Annotator "Kritz,L"]
[PlyCount "127"]
[EventDate "2009.12.08"]
[EventType "tourn"]
[EventRounds "7"]
[EventCountry "ENG"]
[EventCategory "18"]
[SourceTitle "CBM 134"]
[Source "ChessBase"]
[SourceDate "2010.01.18"]
[SourceVersion "1"]
[SourceVersionDate "2010.01.18"]
[SourceQuality "1"]

1. e4 e6 2. d4 d5 3. Nc3 Nf6 4. Bg5 (4. e5 Nfd7 5. f4 c5 6. Nf3 Nc6 7. Be3 $14
{fuehrt zu komplexem Spiel mit Chancen für beide Seiten. Allerdings bei
genauem Spiel kann sich Weiß in allen Varianten einen kleinen Vorteil sichern.}
) 4... dxe4 (4... Be7 5. e5 Nfd7 6. Bxe7 Qxe7 7. f4 a6 8. Nf3 c5 9. Qd2 Nc6 10.
dxc5 Qxc5 11. O-O-O $14 {Typische französische Stellung, in der Weiß einen
stabilen Vorteil hat, weil der schwarze Läufer c8 schlecht ist.}) (4... Bb4 {
die aggressivste Fortsetzung.} 5. e5 h6 6. Bd2 (6. exf6 $2 hxg5 7. fxg7 Rg8 8.
Qh5 Qf6 $15) 6... Bxc3 7. bxc3 Ne4 8. Qg4 g6 9. Bd3 Nxd2 10. Kxd2 c5 11. h4 $36
) 5. Nxe4 Nbd7 ({Schlechter ist} 5... Be7 6. Bxf6 Bxf6 7. Nf3 O-O 8. Qd2 Nd7 9.
O-O-O b6 10. Bd3 Bb7 11. h4 $14 {Weiß hat bessere Aussichten am Königsflügel
als Schwarz hat am Damenflügel.}) 6. Nxf6+ Nxf6 7. c3 ({Eine Alternative ist} 
7. Nf3 h6 8. Be3 ({Zum gleichen Spiel führt} 8. Bh4 c5 9. Bb5+ Bd7 10. Bxd7+
Qxd7 11. Qe2 (11. Bxf6 gxf6 12. dxc5 Bxc5 13. Qxd7+ Kxd7 14. Ke2 Rhd8 15. Rhd1+
Kc6 16. Rxd8 Rxd8 $11 {Sulskis - Vaganian (Gothenburg, 2005)}) 11... cxd4 12.
O-O-O Bc5 13. Qe5 Qe7 14. Nxd4 O-O 15. Rhe1 Rfd8 $11 {Anand - M. Gurevich 
(Bastia, 2004)}) ({Auch nichts bringt} 8. Bxf6 Qxf6 9. Bb5+ c6 (9... Bd7 $5 {
vielleicht kann Schwarz so auch ausgleichen} 10. Bxd7+ Kxd7 11. Ne5+ Kc8 12.
O-O Bd6 13. Qe2 c6 $11) 10. Bd3 Bd6 11. Qe2 Bd7 12. O-O O-O 13. Ne5 Rad8 14. f4
g6 15. Rf3 c5 $132 {Sutovsky - Akopian (Moscow, 2002)}) 8... Nd5 9. Bd3 (9. Qd2
Bd6 10. O-O-O Qe7 11. Bd3 Bd7 12. Be4 Nf6 13. Bd3 (13. Bxb7 $2 Rb8 14. Ba6 Ba3
$19) 13... Nd5 14. c4 Nxe3 15. Qxe3 c5 16. Be4 O-O-O $11 {Nakamura - Akobian 
(Miami, 2007)}) 9... Nxe3 10. fxe3 Bd6 11. e4 e5 12. dxe5 Bc5 13. Bb5+ c6 14.
Qxd8+ Kxd8 15. Bc4 Ke7 {Leko - Ivanchuk (Morelia/Linares, 2007). und Schwarz
konnte das Endspiel trotz des Minusbauern leicht halten.}) 7... h6 8. Bh4 (8.
Be3 Nd5 9. Nf3 {Meister - Glek (Sochi, 2005). -> 7.Nf3 wobei der Zug c3 keinen
Sinn macht.}) 8... c5 (8... Be7 {sieht logisch aus.} 9. Nf3 O-O $11 {Im
nächsten Zug spielt Schwarz c5 oder b6-Bb7 und gleicht aus.}) 9. Bxf6 $5 ({
Nichts bringt} 9. Qf3 Be7 10. Bb5+ Nd7 (10... Bd7 $2 11. Qxb7 $16) 11. Bxe7
Qxe7 12. Ne2 O-O 13. O-O Nf6 14. Rfe1 Rd8 15. Rad1 Bd7 {1/2-1/2 Short -
Korchnoi (Najdorf Memorial, 2001)}) 9... gxf6 10. Qf3 $1 (10. Bb5+ Bd7 11.
Bxd7+ Qxd7 $11) 10... cxd4 $2 {Ein grober Fehler, nach dem Schwarz in
Schwiriegkeiten gerät.} (10... Bd7 $1 11. O-O-O (11. Qxb7 Rb8 12. Qxa7 Rxb2 $15
) 11... cxd4 12. Rxd4 Qc7 $1 13. Qxf6 Rg8 14. Nf3 Bg7 15. Qf4 O-O-O 16. Qxc7+
Kxc7 17. Rd1 Bf6 $44 {Schwarz hat exzellente Kompensation für den Bauern.}) 11.
Bb5+ Ke7 (11... Bd7 $2 12. Qxb7 Rc8 13. Bxd7+ Qxd7 14. Qxd7+ Kxd7 15. O-O-O e5
16. Kb1 Bc5 17. Ne2 $16) 12. Ne2 Qd5 $6 {Ein weiterer Fehlgriff, der Schwarz
an den Rand der Niederlage bringt.} (12... Qb6 $1 13. Nxd4 e5 14. Qe2 Kd8 $3
15. Nb3 Kc7 16. O-O-O Be6 $14 {Die schwarze Stellung ist zwar etwas schlechter,
aber trotzdem spielbar. Der weiße Springer auf b3 spielt nicht mit.}) 13. Qxd5
exd5 14. Nxd4 $16 {Weiß besitzt riesigen strategischen Vorteil.} f5 15. O-O-O
Kf6 16. Ne2 (16. Be2 $5 {Die Überführung des Läufers nach f3 sieht sehr
logisch aus.} Be6 17. Bf3 Rd8 18. Rd3 Bd6 19. h3 Rhe8 20. Rhd1 $16) 16... Be6
17. Nf4 $6 {Der Bauer sollte zuerst blockiert und erst dann angegriffen werden.
Weiß hat wohl das schwarze Gegenspiel unterschätzt.} Rd8 18. Bc4 d4 $1 {
Nun läuft das Spiel forciert und endet in einer Stellung, wo Schwarz doch
gutes Gegenspiel hat.} 19. Bxe6 (19. Nxe6 fxe6 20. Rxd4 (20. cxd4 $4 Rc8 21. b3
b5 $19) 20... Rxd4 21. cxd4 Bd6 22. Re1 Re8 23. Kc2 e5 $1 24. dxe5+ Rxe5 25.
Rd1 Bc5 26. f3 $14 {Weiß hat bessere Chancen, aber das Endspiel ist mit
größter Wahrscheinlichkeit Remis.}) 19... fxe6 20. Rxd4 (20. cxd4 Rc8+ 21. Kb1
Bd6 22. Nh5+ Kg6 23. Ng3 h5 $44) 20... Bc5 21. Rxd8 Rxd8 22. Nh3 (22. Rf1 e5
23. Ne2 b5 24. Kc2 h5 $44 {Schwarz hat eine gewisse Kompensation für den
geopferten Bauern.}) 22... h5 23. Re1 e5 24. Re2 e4 $44 {Die selbe Situation
auch hier. Die weißen Aussichten sind natürlich besser, aber Schwarz hat doch
sehr aktive Figuren, die ihm Kompensation und gute Rettungschancen versprechen.
} 25. Kc2 h4 26. f3 (26. Rd2 Rg8 (26... Rxd2+ 27. Kxd2 Ke5 28. g3 hxg3 29. hxg3
b5 $44) 27. Nf4 Ke7 28. Nd5+ Ke6 29. g3 hxg3 30. hxg3 (30. Nc7+ Ke5 31. hxg3
Bb6 $44) 30... Bd6 $44) 26... Re8 27. fxe4 fxe4 {Das größte Problem des
Weißspielers ist sein Springer h3.} 28. b4 $2 (28. Nf4 Bd6 (28... Kf5 $5) 29.
Nd5+ Ke5 30. Ne3 (30. Rxe4+ $4 Kxe4 31. Nf6+ Ke3 32. Nxe8 Bxh2 33. Ng7 Bg3 34.
Nf5+ Kf2 $19) 30... b5 31. Rf2 Rg8 $44) 28... Bd6 {Schwarz gewinnt den Bauern
zurück und die Stellung wird ausgeglichen.} 29. Rf2+ (29. Nf2 Kf5 30. h3 b5 $44
) 29... Ke5 (29... Kg6 $5 30. Nf4+ Kg5 31. Ne2 Bxh2 32. Rf7 Rg8 $132) 30. Ng1
Rg8 31. g3 (31. Ne2 e3 32. Rf7 Rxg2 33. Kd3 Rxh2 $17) 31... hxg3 32. hxg3 Rxg3
33. Ne2 Rf3 34. Rg2 {Es ist eher Schwarz, der hier am Drücker ist. Trotzdem
ist die weiße Stellung sicher genug, um dem schwarzen Druck standzuhalten.} Kd5
35. Nd4 Rh3 36. Nb5 Be5 37. Rd2+ Ke6 38. Nd4+ Bxd4 (38... Kf6 39. Rf2+ Kg6 40.
Rg2+ $11) 39. Rxd4 {Das Turmendspiel ist absolut Remis, keine der Seiten hat
realistische Gewinnchancen.} Rh2+ 40. Kb3 (40. Rd2 $4 Rxd2+ 41. Kxd2 Kd5 42.
Ke3 Kc4 $19) 40... Re2 (40... Ke5 41. Rd7 e3 42. Rxb7 Kf6 43. Rb8 Ke7 44. Rb7+
Kd6 45. Rb8 $11) 41. a4 e3 42. Kc4 (42. Re4+ Kf5 43. Re7 Kf4 44. Rf7+ Ke4 45.
Re7+ Kd3 46. Rd7+ Ke4 $11 {Schwarz sollte nicht zu weit mit seinem König
laufen:} 47. Re7+ Kf3 48. Rf7+ Kg2 49. Rg7+ Kf2 50. Rxb7 (50. Rf7+ Ke1 51. Re7
Kd2 52. Rd7+ Kc1 53. Rxb7 Rb2+ 54. Kc4 e2 55. Re7 Kd1 56. Kb5 e1=Q 57. Rxe1+
Kxe1 58. c4 Kd2 59. c5 Kc3 $19) 50... Rd2 51. Rxa7 e2 52. Rf7+ Ke1 53. a5 $18)
42... Ra2 43. a5 e2 44. Re4+ Kd6 45. Kd3 b6 46. axb6 (46. Rxe2 Rxe2 47. Kxe2
bxa5 48. bxa5 Kc5 49. Kd3 Kb5 50. Kd4 Kxa5 51. Kc5 Ka4 52. c4 a5 53. Kb6 Kb3
54. c5 a4 55. c6 a3 56. c7 a2 57. c8=Q a1=Q $11) 46... axb6 47. Rxe2 Rxe2 48.
Kxe2 b5 49. Kd2 Ke6 $1 {Das Bauernendspiel ist theoretisch Remis.} (49... Kd5
50. Kd3 Kd6 51. Kd4 Kc6 52. Ke5 $18) 50. Kd1 (50. Kd3 Kd5 $11) 50... Kd5 51.
Kc2 Kd6 52. Kd2 Ke6 53. Ke3 Ke5 54. Kd3 Kd5 55. c4+ bxc4+ 56. Kc3 Kc6 57. Kxc4
Kb6 58. b5 Kb7 59. Kc5 Kc7 60. b6+ Kb7 61. Kb5 Kb8 62. Kc6 Kc8 63. b7+ Kb8 64.
Kb6 1/2-1/2

[Event "Interzonal-15"]
[Site "Manila"]
[Date "1990.??.??"]
[Round "2"]
[White "Ljubojevic, Ljubomir"]
[Black "Lautier, Joel"]
[Result "1/2-1/2"]
[WhiteElo "2600"]
[BlackElo "2570"]
[Annotator "Lautier,J"]
[PlyCount "42"]
[EventDate "1990.06.29"]
[EventType "swiss"]
[EventRounds "13"]
[EventCountry "PHI"]
[SourceTitle "CBM 019"]
[Source "ChessBase"]
[SourceDate "1990.12.01"]
[SourceVersion "1"]
[SourceVersionDate "1990.12.01"]
[SourceQuality "1"]

1. e4 e6 2. d4 d5 3. Nc3 Nf6 4. Bg5 dxe4 5. Nxe4 Be7 6. Bxf6 gxf6 7. c3 f5 8.
Ng3 c5 9. Bb5+ (9. Nf3 $5 Qb6 $5 $13 (9... Nc6 10. Bb5)) 9... Bd7 10. Bxd7+ (
10. Qe2 $6 cxd4 $17) (10. Qa4 Bxb5 11. Qxb5+ Qd7 $10) 10... Qxd7 11. Nf3 Nc6
12. dxc5 (12. O-O $6 cxd4 13. cxd4 Rd8 $15) 12... Qxd1+ 13. Rxd1 Bxc5 14. O-O
Rd8 15. Rxd8+ Kxd8 16. Rd1+ Ke7 17. Re1 (17. Kf1 h5 18. h4 Bd6 $1 $15 {Lautier}
) 17... Kf6 18. Nh5+ Kg6 19. Nf4+ Kf6 20. Nh5+ Kg6 21. Nf4+ Kf6 1/2-1/2

[Event "Horgen CS"]
[Site "Horgen"]
[Date "1994.??.??"]
[Round "11"]
[White "Leko, Peter"]
[Black "Kortschnoj, Viktor Lvovich"]
[Result "1/2-1/2"]
[WhiteElo "2555"]
[BlackElo "2615"]
[Annotator "Leko,P"]
[PlyCount "86"]
[EventDate "1994.09.??"]
[EventType "tourn"]
[EventRounds "11"]
[EventCountry "SUI"]
[EventCategory "16"]
[SourceTitle "CBM 043"]
[Source "ChessBase"]
[SourceDate "1994.12.01"]
[SourceVersion "1"]
[SourceVersionDate "1994.12.01"]
[SourceQuality "1"]

1. e4 e6 2. d4 d5 3. Nc3 Nf6 4. Bg5 dxe4 5. Nxe4 Be7 6. Bxf6 gxf6 7. Nf3 b6 8.
Bb5+ $6 {>=Bd3} c6 9. Bd3 Bb7 10. Qd2 Qc7 11. O-O-O (11. Qh6 $6 Nd7 {/\12.Qg7
Rf8 13.Qxh7 f5 14.Ng3 c5!|^}) 11... Nd7 12. Rhe1 O-O-O 13. c4 Kb8 14. Nc3 Nf8
$1 15. Kb1 Ng6 16. g3 f5 (16... Bb4 $6 17. a3 Bxc3 18. Qxc3 c5 19. Be4 Bxe4+
20. Rxe4 cxd4 21. Rexd4 $14) 17. Qe3 $1 c5 $2 (17... a6 $6 18. c5 $1 $16) (
17... Rhe8 18. Ne5 (18. Bc2 $5) 18... Nxe5 19. dxe5 Bc5 20. Qe2 Bd4 21. Kc2 $13
) 18. d5 $1 $16 Rhe8 (18... exd5 19. cxd5 Bxd5 20. Bxf5 Bxf3 (20... Bb7 $2 21.
Bxg6 Rxd1+ 22. Rxd1 hxg6 23. Nb5 $18) 21. Qxf3 $16) 19. Bc2 (19. Ng5 $1 $16 {
Kortschnoj; /\} f4 20. gxf4 Nxf4 21. Nxf7 Ng2 22. Qxe6 Nxe1 23. Nxd8 Nxd3 24.
Nxb7 Nf4 25. Qe4 $18) (19. Nb5 $5 Qc8 20. Ne5 Bf6 $1 $8 (20... exd5 21. Nxg6
hxg6 22. Qf4+ Ka8 23. Nc7+ $18) 21. Nxf7 $1 exd5 22. Qxe8 $1 Rxe8 23. Nfd6 Rxe1
24. Rxe1 Qf8 (24... Qd7 25. Bxf5 $16) (24... Qd8 25. Re8 a6 26. Rxd8+ Bxd8 27.
Nxb7 Kxb7 28. Nd6+ Kc7 29. Nxf5 Ne5 30. Be2 $16) 25. Re8+ Qxe8 26. Nxe8 Bh8 27.
Bxf5 dxc4 $14) 19... a6 20. Ba4 (20. Ng5 $1 $16) 20... Rf8 $13 21. Rd3 $5 (21.
Ng5 f4 $1) (21. Qd3 Rd6 (21... Bc8 $5) 22. Bb3 Rfd8 $15) 21... b5 $1 22. cxb5
$8 (22. Bxb5 axb5 23. Nxb5 Qb6 24. Rb3 exd5 $17) (22. Bb3 b4 23. Na4 Rfe8 $17 {
פa4}) 22... exd5 23. bxa6 d4 24. Qe2 (24. a7+ Ka8 25. Nb5 Qa5 26. Qd2 Qxa4 27.
Nc7+ Kxa7 28. Ra3 Qxa3 29. bxa3 Kb6 $1 $17) (24. Qc1 $2 dxc3 25. Rxd8+ Qxd8 $1
26. axb7 Qd3+ $19) 24... Bxf3 (24... Bxa6 $6 25. Nb5 $36) 25. Qxf3 $138 dxc3
$138 26. Rxc3 Ka7 27. Qxf5 (27. Rb3 $5 Rb8 28. Qxf5 $13) 27... Rd4 $1 28. Bb5
Bd6 $1 29. a4 Ne7 30. Qxh7 Nd5 31. Rd3 Be5 (31... Nb4 32. Rxd4 cxd4 33. Qe4 $13
) 32. Rxd4 Bxd4 33. Qf5 Rd8 34. Re8 $1 Rxe8 35. Bxe8 Nf6 36. Bb5 Qe7 37. Qc8 $4
(37. Ka2 $1 $14) 37... Qe1+ $4 (37... Nd5 $1 38. Ka2 (38. Bc6 Qe1+ 39. Ka2 Nb4+
40. Kb3 Qd1+ 41. Ka3 (41. Kc4 Qd3#) 41... Bxb2+ 42. Kxb2 Qc2+ 43. Ka3 Qa2#)
38... Bxf2 $19) 38. Ka2 Qe6+ 39. Qxe6 fxe6 40. f3 Bg1 41. h3 Nh5 42. g4 Nf4 43.
h4 Be3 (43... Be3 44. Kb3 $1 (44. h5 Nh3 $1 {/\Ng1=/+}) 44... Ng6 45. h5 Ne5
46. Kc3 Kb6 $10) 1/2-1/2

[Event "Gibraltar Masters 10th"]
[Site "Caleta"]
[Date "2012.01.25"]
[Round "2"]
[White "Baron, Tal"]
[Black "Short, Nigel D"]
[Result "0-1"]
[WhiteElo "2498"]
[BlackElo "2677"]
[Annotator "Let's Check"]
[PlyCount "100"]
[EventDate "2012.01.24"]
[EventType "swiss"]
[EventRounds "10"]
[EventCountry "GGB"]
[SourceTitle "CBM 147"]
[Source "ChessBase"]
[SourceDate "2012.03.16"]
[SourceVersion "1"]
[SourceVersionDate "2012.03.16"]
[SourceQuality "1"]

1. e4 e6 2. d4 d5 3. Nc3 Nf6 4. Bg5 dxe4 5. Nxe4 Be7 6. Bxf6 gxf6 7. Nf3 a6 8.
Qe2 b5 9. g3 Bb7 10. Bg2 Nd7 11. a4 O-O 12. O-O Bd5 13. Rfe1 b4 14. c4 bxc3 15.
bxc3 f5 16. Ned2 Bf6 17. c4 Bb7 18. Rab1 Rb8 19. Qe3 c5 20. d5 Re8 21. Bh3 Qc7
22. Qd3 Nf8 23. Re3 Rbd8 24. Rbe1 Re7 25. Qb1 Rde8 26. Qd3 Rd8 27. Qe2 Rde8 28.
Qd3 exd5 29. Qxf5 Rxe3 30. fxe3 Qd8 31. Bf1 d4 32. e4 Qe7 33. e5 Bg7 34. Bd3
Qe6 35. Qg5 Qh6 36. Qf5 Bc8 37. Qe4 Nd7 38. Qd5 Qh5 39. Ne4 $2 (39. e6 Qxd5 40.
cxd5 $16) 39... Qxf3 $19 40. Nf6+ Qxf6 $1 41. exf6 Rxe1+ 42. Kf2 Nxf6 43. Qxc5
Re8 44. Kg2 Bb7+ 45. Kh3 Ne4 46. Bxe4 Bxe4 47. Qd6 d3 48. c5 Re6 49. Qd8+ Bf8
50. Kg4 Rc6 0-1

[Event "Ciocaltea Memorial"]
[Site "Bucharest"]
[Date "1997.??.??"]
[Round "12"]
[White "Nevednichy, Vladislav"]
[Black "Itkis, Boris"]
[Result "0-1"]
[WhiteElo "2535"]
[BlackElo "2440"]
[Annotator "Marin,M"]
[PlyCount "70"]
[EventDate "1997.03.??"]
[EventType "tourn"]
[EventRounds "13"]
[EventCountry "ROU"]
[EventCategory "10"]
[SourceTitle "CBM 060"]
[Source "ChessBase"]
[SourceDate "1997.09.29"]
[SourceVersion "1"]
[SourceVersionDate "1997.09.29"]
[SourceQuality "1"]

1. e4 e6 2. d4 d5 3. Nc3 Nf6 4. Bg5 dxe4 5. Nxe4 Nbd7 6. Nf3 Be7 7. Nxf6+ Bxf6
8. Qd2 Bxg5 9. Nxg5 Nf6 10. O-O-O O-O 11. Be2 Qd6 $146 (11... b6 {Fritz 5.00 
(100s)} 12. Bf3 {1/2-1/2 Svidler,P-Pushkov,N/RUS-ch Elista 1994/CBM 44} (12.
Bf3 Rb8 13. Rhe1 Bb7 14. Bxb7 Rxb7 15. Kb1 Qd6 16. f4 Rd8 17. Nf3 b5 18. g3 b4
19. Qd3 a5 20. f5 exf5 21. Qxf5 a4 {Ochoa de Echaguen,F-Kortschnoj,V/Barcelona
1992/CBM 30/1/2-1/2 (44)})) 12. Kb1 Bd7 13. f4 Bc6 14. Bf3 Rfd8 15. Bxc6 Qxc6
16. Nf3 Rd6 17. Rhe1 Rad8 18. c3 Qb5 19. Qc2 c5 20. Re5 Qb6 21. Rde1 (21. Rxc5
Qxc5 22. dxc5 Rxd1+ $19) 21... cxd4 22. Nxd4 Nd5 23. Nf5 R6d7 24. g3 g6 25. Nh4
{פh4} Rc8 26. Qb3 Qc5 27. R5e2 Rd6 28. Qc2 (28. Qxb7 $4 {Fritz 5.00 (100s)
vergiftet...} Rb6 29. Qxa7 Nxc3+ $1 (29... Rxb2+ $19) 30. Ka1 Nd1 31. Rxd1 Qc1+
32. Rxc1 Rxc1#) 28... Rb6 29. Ka1 Ra6 30. a3 $2 (30. Qb3 $142 $5 $15 {Fritz 5.
00 (100s) muß unbedingt geprüft werden}) 30... Qa5 31. Re5 b5 32. Qb3 Rac6 33.
Rc1 b4 $3 {(Itkis played this move rather quickly, as he usually does when
enjoying his own position, but when his opponent answered)} 34. Qxb4 $8 {
he started shaking his head as a sign that he completely overlooked the pin.
Still, he discovered that the position was still winning, and his involuntary
sacrifice was not that bad after all...} Qa6 $1 35. f5 $4 {For some misterious
reasons, Nevednici must have forgotten that just one move before he had put
his queen en prise. After the game he complained that he blundered the queen
beeing a pawn up, but later he agreed that he was losing:} (35. Qd4 Rxc3 36.
Rxc3 Nxc3 37. Re1 Qa4 $17) (35. Qb3 Rb6 36. Qa2 Nxc3 37. bxc3 Rxc3 $19) 35...
Nxb4 0-1

[Event "EU-ch 18th"]
[Site "Minsk"]
[Date "2017.06.05"]
[Round "6"]
[White "Onischuk, Vladimir"]
[Black "Howell, David"]
[Result "0-1"]
[WhiteElo "2608"]
[BlackElo "2684"]
[Annotator "Moradiabadi,E"]
[PlyCount "88"]
[EventDate "2017.05.30"]
[EventType "swiss"]
[EventRounds "11"]
[EventCountry "BLR"]
[SourceTitle "CBM 179"]
[Source "ChessBase"]
[SourceDate "2017.07.12"]
[SourceVersion "1"]
[SourceVersionDate "2017.07.12"]
[SourceQuality "1"]

1. e4 {It is funny how both leaders played their best game of the two rounds
in the sixth round.} e6 2. d4 d5 3. Nc3 Nf6 4. Bg5 dxe4 $5 {An interesting
choice by Howell.} 5. Nxe4 Be7 6. Nxf6+ {It seems that the Ukrainain GM, who
is known for his aggressive style, was caught off guard. Thus, Onischuk goes
for a less common line.} (6. Bxf6 gxf6 {is considered the mainline. However,
Onischuk may have not been prepared against ...Bxf6.}) 6... Bxf6 7. Bxf6 Qxf6
8. Nf3 O-O 9. Qd2 c5 $1 {This is a mainline and equaliser. Could it be that
Howell wanted more complications?} 10. O-O-O Rd8 11. Qc3 cxd4 {Another long
pause for a well-known forced line.} 12. Rxd4 Rxd4 13. Qxd4 Qxd4 14. Nxd4 {
This is a completely equal endgame. The way the British GM outplays his strong
opponent reminds one of Capablanca's victories. Either it was bad day at the
office for the Ukrainian or a Magnus-like performance from Howell. Either way
this game is a great example and a worthy textbook lesson!} b6 15. Be2 Bb7 16.
Nb5 Nd7 17. Rd1 Nf6 18. f3 {This is an ugly move and a bad sign. I would
rather play g3 and keep my pawns on the squares that do not restrict my bishop.
} Kf8 19. c4 Ke7 20. Kd2 g5 $1 {A great move by Howell. This is a typical move
that every coach shows to their students. Black is trying to undermine White's
pawn structure with ...g4. Another reason why f3 was not necessary.} 21. Ke3
Bc6 22. Nc3 a5 $1 {A great prohylactic move which costs White more moves to
create a mobile majority. It is noteworthy to see that a3 will be faced with
a4.} 23. b3 h6 24. a3 Ne8 $1 {Another excellent idea from Howell. The knight
is going to d6 from where it can support Black's kingside majority.} 25. g4 {
Tactically sound but still very ugly! Do not put your pawns on the same colour
as your bishop in the endgame!} Nd6 26. f4 Rc8 27. Rc1 f5 $1 {Now the
situation is critical and only accurate play can give White a draw.} 28. h3 Kf6
29. Rd1 $2 {A surprising losing blunder.} (29. fxg5+ hxg5 30. gxf5 exf5 31. Bf3
{was needed and White should sit tight and prepare to defend a probable rook
and pawn endgame with a pawn down but where a draw is still very much a
conceivable outcome.}) 29... gxf4+ 30. Kxf4 e5+ 31. Ke3 f4+ {Now Black's
central pawns are unstoppable. The game is decided both practically and
scientifically!} 32. Kf2 Ke6 33. Nd5 Ne4+ 34. Ke1 Bxd5 35. Rxd5 Nc3 36. Bd3 e4
37. Rd4 Ke5 38. Rd7 Ke6 39. Rd4 Ke5 40. Rd7 exd3 41. Rxd3 Nb1 42. a4 Ke4 43.
Rd1 Nc3 44. Rd6 Ke3 {A lesson for all of us: Never play outside your element.
Vladimir Onischuk is an ultra-sharp player with an aggressive style with both
colours. That is what he is good at. By choosing a calm position against David
Howell, he just got himself into the wrong psychological battle where he had
to play against his own preference. More experienced and more universal,
Howell on the other hand exploited every small mistake by Onischuk to score a
crucial victory with Black.} 0-1

[Event "New York Generation"]
[Site "New York"]
[Date "2003.05.02"]
[Round "9"]
[White "Bluvshtein, Mark"]
[Black "Akobian, Varuzhan"]
[Result "0-1"]
[WhiteElo "2451"]
[BlackElo "2547"]
[Annotator "Mueller,Karsten"]
[PlyCount "186"]
[EventDate "2003.04.23"]
[EventType "tourn"]
[EventRounds "9"]
[EventCountry "USA"]
[EventCategory "10"]
[SourceTitle "CBM 095"]
[Source "ChessBase"]
[SourceDate "2003.07.25"]
[SourceVersion "1"]
[SourceVersionDate "2003.07.25"]
[SourceQuality "1"]

1. e4 e6 2. d4 d5 3. Nc3 Nf6 4. Bg5 dxe4 5. Nxe4 Nbd7 6. Qf3 Be7 7. O-O-O h6 8.
Nxf6+ Nxf6 9. Bxf6 Bxf6 10. Qe4 Bd7 11. Bc4 O-O 12. Nf3 Bc6 13. d5 exd5 14.
Bxd5 Bxd5 15. Rxd5 Qe8 16. Qxe8 Rfxe8 17. Rhd1 Re2 18. R1d2 Rxd2 19. Kxd2 c6
20. Rd7 Rd8 21. Rxd8+ Bxd8 {A fascinating endgame bishop versus knight follows.
I can only scratch the surface: Es folgt ein spannendes Endspiel Läufer gegen
Springer, bei dem sicher noch weiterer Analysebedarf besteht.} 22. Ne1 f5 23.
Nd3 Kf7 24. f3 Be7 25. c4 Bd6 26. f4 Ke6 27. Ke3 Be7 28. b3 Kd6 29. Ke2 b5 30.
h3 h5 31. Ke3 Bf6 32. Kf3 h4 33. Ke3 Kc7 34. cxb5 $6 {opens inroads for
Black's king. öffnet dem schwarzen König Zugstraßen.} ({I like} 34. Nc5 $11 {
more. gefällt mir besser.}) 34... cxb5 35. Ne1 Kd6 36. Nc2 Kc5 37. Kd3 a5 38.
Ne3 g6 39. Nc2 Bb2 40. Ne1 Bf6 41. Nc2 Bb2 42. b4+ $6 ({Why not Was sprach
gegen} 42. Ne1 {? ?}) 42... axb4 43. Ne1 Bf6 44. Nf3 Kd5 45. Ng1 Bd4 46. Nf3
Bf2 47. Ke2 Bg3 48. Kd3 Kc5 49. Nd4 Kb6 50. Nf3 $2 (50. Ne6 {offered better
chances to save White, e.g. verspricht bessere Rettungschancen, z.B.} Ka5 51.
Kc2 Ka4 52. Kb2 Bf2 53. Nf8 Bd4+ 54. Kb1 b3 55. Nxg6 $11) 50... Ka5 51. Kc2 Ka4
52. Kb2 Bf2 53. Nd2 Bd4+ 54. Kb1 Ka3 55. Nf3 Bf6 56. Nd2 Bd8 57. Ka1 Bf6+ 58.
Kb1 Ka4 59. Kc2 Be7 60. Kb2 Bd8 61. Kc2 Bf6 62. Kc1 g5 $1 63. Kb1 gxf4 64. Nb3
Ka3 65. Nd2 Bd4 66. Nf3 Bf2 67. Nd2 Bg3 68. Nb3 Ka4 69. Kb2 Bf2 70. Kb1 Bg1 71.
Kb2 Be3 72. Kb1 Ka3 73. Na5 b3 74. Nxb3 Kb4 75. Kc2 Kc4 76. Na5+ Kd4 77. Nc6+
Ke4 78. Ne7 Bb6 79. Kd2 Bd8 80. Nc6 Bb6 81. Ne7 Bd8 82. Nc6 Bf6 83. Na7 f3 84.
gxf3+ Kxf3 85. Nxb5 Kg2 86. a4 $2 (86. Ke3 {was much more tenacious, e.g. war
viel zäher, z.B.} Bg5+ 87. Ke2 f4 88. Nd4 Bd8 89. Nf3 Kxh3 90. Kd3 (90. Kf1 Bb6
91. Nd2 (91. a4 Kg3 92. a5 Ba7 93. Ke2 h3 94. a6 Be3 95. Nd2 Bxd2 96. a7 f3+
97. Kxd2 h2 $19) 91... Be3 92. Nf3 Kg3 93. Ke2 h3 $19) 90... Kg3 91. Ke4 h3 92.
Nd2 Kf2 93. Nf3 Bc7 94. a4 Bb8 95. a5 Kg3 96. a6 (96. Nd2 Bc7 97. a6 Kg4 98.
Nf1 Bb8 $19) 96... Ba7 97. Nd2 Kg2 98. Nf3 Be3 99. Ne1+ Kf2 100. Nf3 Kg3 $19)
86... f4 87. a5 Bd8 88. a6 Bb6 89. Nc7 f3 90. Nd5 f2 91. Nxb6 f1=Q 92. a7 Qf4+
93. Kc3 Qc7+ (93... Qc7+ 94. Nc4 Qxa7 $19) 0-1